header

An investigation on the role of interpersonal communication in promoting maternal healthcare services in Migori County, Kenya (Record no. 266367)

MARC details
000 -LEADER
fixed length control field 00506nam a22001577a 4500
003 - CONTROL NUMBER IDENTIFIER
control field OSt
005 - DATE AND TIME OF LATEST TRANSACTION
control field 20260623071151.0
008 - FIXED-LENGTH DATA ELEMENTS--GENERAL INFORMATION
fixed length control field 260618b |||||||| |||| 00| 0 eng d
024 ## - OTHER STANDARD IDENTIFIER
Standard number or code MCS/6004/2018
040 ## - CATALOGING SOURCE
Transcribing agency Rongo University
050 ## - LIBRARY OF CONGRESS CALL NUMBER
Classification number RA 427.8
Item number O33
100 ## - MAIN ENTRY--PERSONAL NAME
Personal name Odero Felicity Akinyi
245 ## - TITLE STATEMENT
Title An investigation on the role of interpersonal communication in promoting maternal healthcare services in Migori County, Kenya
260 ## - PUBLICATION, DISTRIBUTION, ETC. (IMPRINT)
Place of publication, distribution, etc Rongo, Kenya
Name of publisher, distributor, etc Rongo University
Date of publication, distribution, etc 2025
942 ## - ADDED ENTRY ELEMENTS (KOHA)
Source of classification or shelving scheme Library of Congress Classification
Koha item type Thesis
Holdings
Withdrawn status Lost status Source of classification or shelving scheme Damaged status Not for loan Collection code Home library Current library Shelving location Date acquired Total Checkouts Full call number Barcode Date last seen Price effective from Koha item type
    Library of Congress Classification   Not For Loan Reference Rongo University Library Rongo University Library Reference 18/06/2026   RA 427.8 O33 2025 RU/INFOCOMS/2025/146 18/06/2026 18/06/2026 Thesis

© 2026 Rongo University
Contact us: librarian | system librarian | Rongo university